| 000 | 00381nam a2200157Ia 4500 | ||
|---|---|---|---|
| 008 | 230312s9999||||xx |||||||||||||| ||und|| | ||
| 020 | _a0-406-67814-6 | ||
| 082 |
_a657 _bGEE |
||
| 100 | _aGee, Paul | ||
| 245 | 0 | _aBook Keeping and Accounts | |
| 260 |
_bELBS Publisher _aLondon _c1988 |
||
| 300 | _a566 | ||
| 546 | _aEng. | ||
| 650 |
_aAccounting _vincomplete records |
||
| 942 | _cBK | ||
| 999 |
_c1119 _d1119 |
||